Sāṃskr̥tikī. [lekhaka] Sunītikumāra Caṭṭopādhyāẏa. (Record no. 54320)

MARC details
000 -LEADER
fixed length control field 00726cam a2200241 a 4500
001 - CONTROL NUMBER
control field sa 63002102
003 - CONTROL NUMBER IDENTIFIER
control field DLC
005 - DATE AND TIME OF LATEST TRANSACTION
control field 20260227111932.0
008 - FIXED-LENGTH DATA ELEMENTS--GENERAL INFORMATION
fixed length control field 850702m19629999ii 001 0 beno
010 ## - LIBRARY OF CONGRESS CONTROL NUMBER
LC control number sa 63002102
040 ## - CATALOGING SOURCE
Original cataloging agency DLC
Transcribing agency DLC
Modifying agency DLC
043 ## - GEOGRAPHIC AREA CODE
Geographic area code a-ii---
050 00 - LIBRARY OF CONGRESS CALL NUMBER
Classification number DS423
Item number .C5412 1962
100 1# - MAIN ENTRY--PERSONAL NAME
Personal name Chatterji, Suniti Kumar,
Dates associated with a name 1890-1977.
245 10 - TITLE STATEMENT
Title Sāṃskr̥tikī. [lekhaka] Sunītikumāra Caṭṭopādhyāẏa.
250 ## - EDITION STATEMENT
Edition statement 1. saṃskaraṇa.
260 ## - PUBLICATION, DISTRIBUTION, ETC.
Place of publication, distribution, etc. Kalikātā :
Name of publisher, distributor, etc. Bāk-Sāhitya,
Date of publication, distribution, etc. 1962-<1993 >
300 ## - PHYSICAL DESCRIPTION
Extent v. 1-<4 > ;
Dimensions 22 cm.
500 ## - GENERAL NOTE
General note In Bengali.
500 ## - GENERAL NOTE
General note Vol. <3-4 > have imprint: Kalikātā : Ānanda.
500 ## - GENERAL NOTE
General note Includes index.
651 #0 - SUBJECT ADDED ENTRY--GEOGRAPHIC NAME
Geographic name India
General subdivision Civilization.

No items available.

Powered by Koha